000 01369nam a2200349Ia 4500
003 CO-BoRNBP
005 20230515193020.0
007 ta
008 180109s2015 ck a g 000 0 spa
020 _a9789583048722
040 _aCO-BoRNBP
_bspa
_erda
_cCO-BoRNBP
041 _aspa
082 0 4 _a927.5
_bM67n
_222
100 1 _aMorley, Jacqueline
_eautora
_92037
245 1 0 _aNo te gustaría ser Leonardo da Vinci!
_cescrito por Jacqueline Morley ; ilustrado por David Antram ; creado y diseñado por David Salariya ; traducción Margarita Mejía Umaña
250 _aPrimera edición
_bPrimera reimpresión
264 1 _aBogotá
_bPanamericana Editorial
_c2015
_c2019
300 _a32 páginas
_bilustraciones
_c25 cm.
336 _atexto
_btxt
_2rdacontent
337 _asin mediación
_bn
_2rdamedia
338 _avolumen
_bnc
_2rdacarrier
490 0 _aNo te gustaría ser...
500 _aIncluye glosario e índice
521 _aRecomendado para un público infantil mayor de 6 años
600 1 4 _aDa Vinci, Leonardo
_d 1452-1519
_xTrabajos decorativos
_92038
650 1 7 _aArtistas italianos
_ySiglo XVI
_2LEMB
_92039
650 1 7 _aPintores italianos
_ySiglo XVI
_2LEMB
_92040
700 1 _aAntram, David
_d1958-
_eilustrador
_92041
700 1 _aSalariya, David
_eilustrador
_92042
700 1 _aMejía Umaña, Margarita
_etraductora
_92043
942 _2ddc
_cBKINF
999 _c9547
_d9547